000
00292nam a22001337a 4500
003
SGT
082
_a
603
_b
S00A
100
_a
APTE,WAMAN SHIVRAM
245
_a
SANSKRIT -HINDI- SUBDHKOSH
260
_a
VARANASI
_b
SHREE PRAKASHAN
_c
S.N
300
_a
1440
650
_a
DICTIONARY
942
_2
ddc
_c
BK
999
_c
8614
_d
8614